<?xml version="1.0" encoding="UTF-8"?>
<collection xmlns="http://www.loc.gov/MARC21/slim">
 <record>
  <leader>00596pamaa2200169   4500</leader>
  <controlfield tag="001">0000001935</controlfield>
  <controlfield tag="005">20060622090000.0</controlfield>
  <datafield tag="020" ind1="0" ind2="0">
   <subfield code="a">0538875178 </subfield>
  </datafield>
  <datafield tag="082" ind1=" " ind2=" ">
   <subfield code="a">382.3 EAK</subfield>
  </datafield>
  <datafield tag="090" ind1="0" ind2="0">
   <subfield code="a">HF1455 </subfield>
   <subfield code="b">EAK 1998</subfield>
  </datafield>
  <datafield tag="100" ind1="1" ind2="0">
   <subfield code="a">BAKER </subfield>
  </datafield>
  <datafield tag="245" ind1="1" ind2="4">
   <subfield code="a">The political economy of trade : </subfield>
   <subfield code="b">case studies in U.S.policy  </subfield>
   <subfield code="c">mark R. Eaker, Faith J. Rubenstein.</subfield>
  </datafield>
  <datafield tag="260" ind1="0" ind2="0">
   <subfield code="a">Ohio: </subfield>
   <subfield code="b">South Western pub.,, </subfield>
   <subfield code="c">1998.</subfield>
  </datafield>
  <datafield tag="300" ind1=" " ind2=" ">
   <subfield code="a">iii, 156p.: </subfield>
   <subfield code="b">ill.; </subfield>
   <subfield code="c">28cm.</subfield>
  </datafield>
  <datafield tag="650" ind1="0" ind2="0">
   <subfield code="a">United States -- </subfield>
   <subfield code="x">Commercial policy -- </subfield>
   <subfield code="x">Case studies </subfield>
  </datafield>
  <datafield tag="650" ind1="0" ind2="0">
   <subfield code="a">United States -- </subfield>
   <subfield code="x">Foreign economic relations -- </subfield>
   <subfield code="x">Case studies </subfield>
  </datafield>
  <datafield tag="700" ind1="1" ind2="1">
   <subfield code="a">Rubenstein, </subfield>
   <subfield code="h">Faith J. </subfield>
  </datafield>
 </record>
</collection>
